[Event "DVM U20 2020"]
[Site "Willingen GER"]
[Date "2021.06.26"]
[Round "6"]
[White "Taras, Simon"]
[Black "Jahrke, Jonas"]
[Result "1-0"]
[Termination "normal"]
[Board "7.6"]
[WhiteElo "1690"]
[BlackElo "1837"]
[WhiteClock "00:13:00"]
[BlackClock "00:53:13"]
[WhiteTeam "SK Bebenhausen 1992"]
[BlackTeam "Schachfreunde Essen-Katernberg"]
[PlyCount "107"]
[WhiteFideId "12970972"]
[BlackFideId "12984353"]
[EventCountry "GER"]
[EventRounds "7"]
[EventType "team-swiss"]
[EventDate "2021.06.23"]

1. d4 {[%clk 01:30:44]} {[%emt 00:00:04]} Nf6 {[%clk 01:30:56]} {[%emt
00:00:16]} 2. c4 {[%clk 01:31:08]} {[%emt 00:00:05]} c5 {[%clk 01:31:22]}
{[%emt 00:00:04]} 3. d5 {[%clk 01:31:31]} {[%emt 00:00:08]} b5 {[%clk
01:31:47]} {[%emt 00:00:05]} 4. cxb5 {[%clk 01:31:48]} {[%emt 00:00:13]} a6
{[%clk 01:32:02]} {[%emt 00:00:15]} 5. bxa6 {[%clk 01:32:15]} {[%emt 00:00:03]}
g6 {[%clk 01:32:27]} {[%emt 00:00:06]} 6. Nc3 {[%clk 01:32:23]} {[%emt
00:00:21]} Bg7 {[%clk 01:32:49]} {[%emt 00:00:08]} 7. e4 {[%clk 01:31:48]}
{[%emt 00:01:04]} O-O {[%clk 01:32:52]} {[%emt 00:00:28]} 8. Nf3 {[%clk
01:29:55]} {[%emt 00:02:22]} d6 {[%clk 01:33:12]} {[%emt 00:00:12]} 9. Nd2
{[%clk 01:28:16]} {[%emt 00:02:07]} Nbd7 {[%clk 01:32:41]} {[%emt 00:01:02]}
10. Nc4 {[%clk 01:25:55]} {[%emt 00:02:51]} Nb6 {[%clk 01:32:40]} {[%emt
00:00:32]} 11. a4 {[%clk 01:20:22]} {[%emt 00:06:03]} Bxa6 {[%clk 01:27:48]}
{[%emt 00:05:21]} 12. Nxb6 {[%clk 01:18:34]} {[%emt 00:02:17]} Qxb6 {[%clk
01:28:10]} {[%emt 00:00:09]} 13. Qc2 {[%clk 01:16:22]} {[%emt 00:02:42]} Bxf1
{[%clk 01:25:33]} {[%emt 00:03:06]} 14. Kxf1 {[%clk 01:16:03]} {[%emt
00:00:48]} Rfb8 {[%clk 01:24:59]} {[%emt 00:01:05]} 15. Nb5 {[%clk 01:08:30]}
{[%emt 00:08:04]} Ne8 {[%clk 01:24:22]} {[%emt 00:01:06]} 16. g3 {[%clk
01:05:22]} {[%emt 00:03:38]} Nc7 {[%clk 01:24:33]} {[%emt 00:00:20]} 17. Nxc7
{[%clk 01:05:15]} {[%emt 00:00:36]} Qxc7 {[%clk 01:24:59]} {[%emt 00:00:04]}
18. Kg2 {[%clk 01:02:30]} {[%emt 00:03:14]} Qb6 {[%clk 01:22:36]} {[%emt
00:02:55]} 19. Ra2 {[%clk 01:01:56]} {[%emt 00:01:04]} Qb3 {[%clk 01:22:10]}
{[%emt 00:00:55]} 20. Qxb3 {[%clk 01:00:29]} {[%emt 00:01:58]} Rxb3 {[%clk
01:22:30]} {[%emt 00:00:10]} 21. Re1 {[%clk 01:00:07]} {[%emt 00:00:52]} Rb4
{[%clk 01:22:34]} {[%emt 00:00:26]} 22. a5 {[%clk 00:54:16]} {[%emt 00:06:21]}
Rb5 {[%clk 01:20:55]} {[%emt 00:02:07]} 23. Bd2 {[%clk 00:53:15]} {[%emt
00:01:32]} Rxb2 {[%clk 01:20:42]} {[%emt 00:00:43]} 24. Rxb2 {[%clk 00:51:08]}
{[%emt 00:02:38]} Bxb2 {[%clk 01:20:38]} {[%emt 00:00:33]} 25. Rb1 {[%clk
00:49:37]} {[%emt 00:02:00]} Bf6 {[%clk 01:10:15]} {[%emt 00:10:55]} 26. Bh6
{[%clk 00:29:43]} {[%emt 00:20:24]} Bg7 {[%clk 00:57:22]} {[%emt 00:13:23]} 27.
Bxg7 {[%clk 00:20:01]} {[%emt 00:10:11]} Kxg7 {[%clk 00:57:43]} {[%emt
00:00:09]} 28. Ra1 {[%clk 00:20:20]} {[%emt 00:00:11]} g5 {[%clk 00:50:47]}
{[%emt 00:07:25]} 29. f4 {[%clk 00:17:38]} {[%emt 00:03:13]} Kg6 {[%clk
00:43:08]} {[%emt 00:08:10]} 30. Kf3 {[%clk 00:16:15]} {[%emt 00:01:51]} f5
{[%clk 00:41:37]} {[%emt 00:02:02]} 31. e5 {[%clk 00:11:40]} {[%emt 00:05:05]}
g4+ {[%clk 00:40:48]} {[%emt 00:01:19]} 32. Ke3 {[%clk 00:08:54]} {[%emt
00:03:15]} Kf7 {[%clk 00:40:37]} {[%emt 00:00:42]} 33. Kd3 {[%clk 00:08:12]}
{[%emt 00:01:11]} Ke8 {[%clk 00:40:54]} {[%emt 00:00:14]} 34. Kc4 {[%clk
00:06:43]} {[%emt 00:01:59]} Kd7 {[%clk 00:41:03]} {[%emt 00:00:20]} 35. Kb5
{[%clk 00:02:49]} {[%emt 00:04:25]} Rb8+ {[%clk 00:36:07]} {[%emt 00:05:26]}
36. Kc4 {[%clk 00:02:00]} {[%emt 00:01:20]} Rb4+ {[%clk 00:36:06]} {[%emt
00:00:30]} 37. Kc3 {[%clk 00:02:01]} {[%emt 00:00:28]} Kc7 {[%clk 00:36:16]}
{[%emt 00:00:21]} 38. a6 {[%clk 00:01:13]} {[%emt 00:01:19]} Kb8 {[%clk
00:36:20]} {[%emt 00:00:25]} 39. a7+ {[%clk 00:00:50]} {[%emt 00:00:54]} Ka8
{[%clk 00:36:43]} {[%emt 00:00:06]} 40. exd6 {[%clk 00:01:09]} {[%emt
00:00:12]} exd6 {[%clk 00:36:59]} {[%emt 00:00:13]} 41. Ra6 {[%clk 00:00:53]}
{[%emt 00:00:46]} Rd4 {[%clk 00:24:29]} {[%emt 00:13:00]} 42. Rxd6 {[%clk
00:29:40]} {[%emt 00:01:44]} Kxa7 {[%clk 00:54:50]} {[%emt 00:00:09]} 43. Rh6
{[%clk 00:25:14]} {[%emt 00:04:54]} Rxd5 {[%clk 00:53:20]} {[%emt 00:02:02]}
44. Kc4 {[%clk 00:24:51]} {[%emt 00:00:53]} Rd2 {[%clk 00:50:34]} {[%emt
00:03:16]} 45. Kxc5 {[%clk 00:24:39]} {[%emt 00:00:42]} Kb7 {[%clk 00:50:47]}
{[%emt 00:00:16]} 46. Rxh7+ {[%clk 00:24:13]} {[%emt 00:00:57]} Kc8 {[%clk
00:51:11]} {[%emt 00:00:06]} 47. Rh5 {[%clk 00:23:32]} {[%emt 00:01:10]} Kd7
{[%clk 00:51:24]} {[%emt 00:00:18]} 48. Rxf5 {[%clk 00:23:04]} {[%emt
00:00:58]} Rxh2 {[%clk 00:51:47]} {[%emt 00:00:07]} 49. Rg5 {[%clk 00:23:10]}
{[%emt 00:00:23]} Ke6 {[%clk 00:52:07]} {[%emt 00:00:11]} 50. Rxg4 {[%clk
00:22:57]} {[%emt 00:00:42]} Rh5+ {[%clk 00:52:16]} {[%emt 00:00:21]} 51. Kd4
{[%clk 00:21:36]} {[%emt 00:01:52]} Kf6 {[%clk 00:52:37]} {[%emt 00:00:08]} 52.
Ke4 {[%clk 00:15:24]} {[%emt 00:06:42]} Ra5 {[%clk 00:52:54]} {[%emt 00:00:14]}
53. Rg8 {[%clk 00:14:35]} {[%emt 00:01:19]} Kf7 {[%clk 00:53:13]} {[%emt
00:00:10]} 54. Rg5 {[%clk 00:13:00]} {[%emt 00:02:05]} 1-0

[Event "DVM U20 2020"]
[Site "Willingen GER"]
[Date "2021.06.26"]
[Round "6"]
[White "Reichelt, Florian"]
[Black "Kamp, Adrian"]
[Result "1-0"]
[Termination "normal"]
[Board "8.2"]
[WhiteElo "1949"]
[BlackElo "1982"]
[WhiteClock "00:44:04"]
[BlackClock "00:36:11"]
[WhiteTeam "Biebertaler Schachfreunde"]
[BlackTeam "Schachklub Münster 32 e. V."]
[PlyCount "55"]
[WhiteFideId "12960276"]
[BlackFideId "16222466"]
[EventCountry "GER"]
[EventRounds "7"]
[EventType "team-swiss"]
[EventDate "2021.06.23"]

1. e4 {[%clk 01:30:58]} {[%emt 00:00:02]} c5 {[%clk 01:30:45]} {[%emt
00:00:15]} 2. Nf3 {[%clk 01:31:15]} {[%emt 00:00:13]} Nc6 {[%clk 01:30:37]}
{[%emt 00:00:39]} 3. d4 {[%clk 01:30:53]} {[%emt 00:00:51]} cxd4 {[%clk
01:30:54]} {[%emt 00:00:13]} 4. Nxd4 {[%clk 01:31:17]} {[%emt 00:00:05]} Nf6
{[%clk 01:31:09]} {[%emt 00:00:15]} 5. Nc3 {[%clk 01:31:32]} {[%emt 00:00:15]}
e5 {[%clk 01:31:16]} {[%emt 00:00:24]} 6. Ndb5 {[%clk 01:30:38]} {[%emt
00:01:23]} d6 {[%clk 01:31:21]} {[%emt 00:00:26]} 7. Bg5 {[%clk 01:30:46]}
{[%emt 00:00:22]} a6 {[%clk 01:31:27]} {[%emt 00:00:24]} 8. Na3 {[%clk
01:31:01]} {[%emt 00:00:15]} b5 {[%clk 01:31:33]} {[%emt 00:00:23]} 9. Nd5
{[%clk 01:30:53]} {[%emt 00:00:39]} Be7 {[%clk 01:31:28]} {[%emt 00:00:35]} 10.
Bxf6 {[%clk 01:31:01]} {[%emt 00:00:22]} Bxf6 {[%clk 01:31:44]} {[%emt
00:00:14]} 11. c3 {[%clk 01:30:54]} {[%emt 00:00:37]} Ne7 {[%clk 01:31:28]}
{[%emt 00:00:45]} 12. Nc2 {[%clk 01:29:16]} {[%emt 00:02:08]} Nxd5 {[%clk
01:27:42]} {[%emt 00:04:16]} 13. Qxd5 {[%clk 01:27:27]} {[%emt 00:02:20]} Ra7
{[%clk 01:25:52]} {[%emt 00:02:20]} 14. a4 {[%clk 01:15:49]} {[%emt 00:12:08]}
Bb7 {[%clk 01:18:47]} {[%emt 00:07:35]} 15. Qb3 {[%clk 01:12:58]} {[%emt
00:03:21]} O-O {[%clk 01:07:38]} {[%emt 00:11:39]} 16. axb5 {[%clk 01:09:21]}
{[%emt 00:04:07]} Bxe4 {[%clk 01:07:36]} {[%emt 00:00:32]} 17. bxa6 {[%clk
01:09:36]} {[%emt 00:00:15]} Qa8 {[%clk 01:07:46]} {[%emt 00:00:20]} 18. Ne3
{[%clk 01:03:14]} {[%emt 00:06:51]} Bg5 {[%clk 01:04:47]} {[%emt 00:03:29]} 19.
Rg1 {[%clk 00:59:43]} {[%emt 00:04:01]} Bxe3 {[%clk 01:00:11]} {[%emt
00:05:06]} 20. fxe3 {[%clk 01:00:01]} {[%emt 00:00:12]} Qc6 {[%clk 00:54:56]}
{[%emt 00:05:45]} 21. Qc4 {[%clk 00:58:21]} {[%emt 00:02:10]} Qb6 {[%clk
00:53:28]} {[%emt 00:01:58]} 22. Qxe4 {[%clk 00:54:22]} {[%emt 00:04:29]} Qxb2
{[%clk 00:53:45]} {[%emt 00:00:12]} 23. Rb1 {[%clk 00:54:14]} {[%emt 00:00:39]}
Qxc3+ {[%clk 00:53:55]} {[%emt 00:00:20]} 24. Kf2 {[%clk 00:54:04]} {[%emt
00:00:40]} d5 {[%clk 00:45:28]} {[%emt 00:08:57]} 25. Qd3 {[%clk 00:50:14]}
{[%emt 00:04:20]} Qa5 {[%clk 00:42:15]} {[%emt 00:03:43]} 26. Be2 {[%clk
00:48:12]} {[%emt 00:02:32]} d4 {[%clk 00:39:27]} {[%emt 00:03:18]} 27. Rgc1
{[%clk 00:43:57]} {[%emt 00:04:45]} dxe3+ {[%clk 00:36:11]} {[%emt 00:03:46]}
28. Qxe3 {[%clk 00:44:04]} {[%emt 00:00:24]} 1-0

[Event "DVM U20 2020"]
[Site "Willingen GER"]
[Date "2021.06.26"]
[Round "6"]
[White "Toval, David"]
[Black "Limpert, Tillmann"]
[Result "1/2-1/2"]
[Termination "normal"]
[Board "8.3"]
[WhiteElo "1857"]
[BlackElo "1671"]
[WhiteClock "00:18:25"]
[BlackClock "00:11:58"]
[WhiteTeam "Schachklub Münster 32 e. V."]
[BlackTeam "Biebertaler Schachfreunde"]
[PlyCount "62"]
[WhiteFideId "12992755"]
[BlackFideId "16213254"]
[EventCountry "GER"]
[EventRounds "7"]
[EventType "team-swiss"]
[EventDate "2021.06.23"]

1. e4 {[%clk 01:30:57]} {[%emt 00:00:02]} e5 {[%clk 01:30:53]} {[%emt
00:00:08]} 2. Nf3 {[%clk 01:31:21]} {[%emt 00:00:05]} Nc6 {[%clk 01:31:13]}
{[%emt 00:00:11]} 3. Bb5 {[%clk 01:31:43]} {[%emt 00:00:08]} a6 {[%clk
01:31:28]} {[%emt 00:00:14]} 4. Ba4 {[%clk 01:32:06]} {[%emt 00:00:08]} b5
{[%clk 01:31:48]} {[%emt 00:00:11]} 5. Bb3 {[%clk 01:32:27]} {[%emt 00:00:08]}
Nf6 {[%clk 01:31:21]} {[%emt 00:00:56]} 6. O-O {[%clk 01:32:43]} {[%emt
00:00:14]} Be7 {[%clk 01:31:26]} {[%emt 00:00:26]} 7. Re1 {[%clk 01:33:05]}
{[%emt 00:00:08]} O-O {[%clk 01:31:16]} {[%emt 00:00:39]} 8. h3 {[%clk
01:33:24]} {[%emt 00:00:11]} h6 {[%clk 01:28:56]} {[%emt 00:02:50]} 9. c3
{[%clk 01:33:31]} {[%emt 00:00:24]} d6 {[%clk 01:25:41]} {[%emt 00:03:46]} 10.
d4 {[%clk 01:32:43]} {[%emt 00:01:17]} Bb7 {[%clk 01:23:54]} {[%emt 00:02:17]}
11. Nbd2 {[%clk 01:30:44]} {[%emt 00:02:29]} Re8 {[%clk 01:23:31]} {[%emt
00:00:53]} 12. Nf1 {[%clk 01:29:18]} {[%emt 00:01:56]} Bf8 {[%clk 01:21:20]}
{[%emt 00:02:40]} 13. Ng3 {[%clk 01:24:49]} {[%emt 00:04:59]} exd4 {[%clk
01:20:08]} {[%emt 00:01:42]} 14. cxd4 {[%clk 01:24:54]} {[%emt 00:00:26]} Ne7
{[%clk 01:19:18]} {[%emt 00:01:20]} 15. Bd2 {[%clk 01:16:33]} {[%emt 00:08:51]}
Ng6 {[%clk 01:18:05]} {[%emt 00:01:42]} 16. Qc2 {[%clk 01:15:40]} {[%emt
00:01:23]} c5 {[%clk 01:14:29]} {[%emt 00:04:06]} 17. a4 {[%clk 01:10:09]}
{[%emt 00:06:02]} c4 {[%clk 01:11:05]} {[%emt 00:03:55]} 18. Ba2 {[%clk
01:10:30]} {[%emt 00:00:08]} d5 {[%clk 01:09:59]} {[%emt 00:01:36]} 19. exd5
{[%clk 01:09:57]} {[%emt 00:01:04]} Qxd5 {[%clk 01:08:46]} {[%emt 00:01:43]}
20. b3 {[%clk 01:07:31]} {[%emt 00:02:56]} Qd7 {[%clk 01:03:40]} {[%emt
00:05:34]} 21. Ne5 {[%clk 00:59:57]} {[%emt 00:08:04]} Nxe5 {[%clk 00:49:26]}
{[%emt 00:14:43]} 22. dxe5 {[%clk 01:00:14]} {[%emt 00:00:15]} Qd5 {[%clk
00:49:23]} {[%emt 00:00:32]} 23. f3 {[%clk 00:59:59]} {[%emt 00:00:46]} Rxe5
{[%clk 00:48:59]} {[%emt 00:00:53]} 24. bxc4 {[%clk 00:57:10]} {[%emt
00:03:20]} Rxe1+ {[%clk 00:47:59]} {[%emt 00:01:31]} 25. Rxe1 {[%clk 00:57:09]}
{[%emt 00:00:30]} Bc5+ {[%clk 00:46:06]} {[%emt 00:02:21]} 26. Kh1 {[%clk
00:53:27]} {[%emt 00:04:14]} Qd4 {[%clk 00:28:18]} {[%emt 00:18:17]} 27. Be3
{[%clk 00:32:13]} {[%emt 00:21:44]} Qe5 {[%clk 00:17:52]} {[%emt 00:10:56]} 28.
Bf2 {[%clk 00:27:23]} {[%emt 00:05:20]} Qg5 {[%clk 00:17:10]} {[%emt 00:01:12]}
29. cxb5 {[%clk 00:22:34]} {[%emt 00:05:19]} Bxf2 {[%clk 00:14:19]} {[%emt
00:03:22]} 30. Qxf2 {[%clk 00:21:40]} {[%emt 00:01:24]} axb5 {[%clk 00:14:01]}
{[%emt 00:00:48]} 31. axb5 {[%clk 00:18:25]} {[%emt 00:03:44]} Qxb5 {[%clk
00:11:58]} {[%emt 00:02:31]} 1/2-1/2

[Event "DVM U20 2020"]
[Site "Willingen GER"]
[Date "2021.06.26"]
[Round "6"]
[White "Engert, Kiyan"]
[Black "Schröder, Lennart"]
[Result "1/2-1/2"]
[Termination "normal"]
[Board "8.4"]
[WhiteElo "1781"]
[BlackElo "1906"]
[WhiteClock "00:10:16"]
[BlackClock "00:11:26"]
[WhiteTeam "Biebertaler Schachfreunde"]
[BlackTeam "Schachklub Münster 32 e. V."]
[PlyCount "48"]
[WhiteFideId "16214870"]
[BlackFideId "16222490"]
[EventCountry "GER"]
[EventRounds "7"]
[EventType "team-swiss"]
[EventDate "2021.06.23"]

1. d4 {[%clk 01:30:56]} {[%emt 00:00:03]} Nf6 {[%clk 01:30:46]} {[%emt
00:00:14]} 2. Nf3 {[%clk 01:31:20]} {[%emt 00:00:07]} g6 {[%clk 01:31:04]}
{[%emt 00:00:11]} 3. c4 {[%clk 01:31:46]} {[%emt 00:00:04]} Bg7 {[%clk
01:31:22]} {[%emt 00:00:10]} 4. g3 {[%clk 01:32:14]} {[%emt 00:00:04]} O-O
{[%clk 01:31:34]} {[%emt 00:00:18]} 5. Bg2 {[%clk 01:32:41]} {[%emt 00:00:03]}
c6 {[%clk 01:31:41]} {[%emt 00:00:22]} 6. Nc3 {[%clk 01:31:18]} {[%emt
00:01:54]} d5 {[%clk 01:31:59]} {[%emt 00:00:12]} 7. cxd5 {[%clk 01:31:24]}
{[%emt 00:00:24]} cxd5 {[%clk 01:32:17]} {[%emt 00:00:13]} 8. O-O {[%clk
01:31:31]} {[%emt 00:00:22]} Ne4 {[%clk 01:32:01]} {[%emt 00:00:45]} 9. Ne5
{[%clk 01:19:40]} {[%emt 00:12:21]} Nxc3 {[%clk 01:32:04]} {[%emt 00:00:29]}
10. bxc3 {[%clk 01:20:03]} {[%emt 00:00:07]} Nc6 {[%clk 01:28:22]} {[%emt
00:04:11]} 11. f4 {[%clk 01:12:57]} {[%emt 00:07:36]} Qc7 {[%clk 01:09:39]}
{[%emt 00:19:13]} 12. Ba3 {[%clk 01:05:46]} {[%emt 00:07:41]} Rd8 {[%clk
01:05:19]} {[%emt 00:04:50]} 13. Rc1 {[%clk 00:50:43]} {[%emt 00:15:33]} Na5
{[%clk 00:55:19]} {[%emt 00:10:30]} 14. Rb1 {[%clk 00:23:37]} {[%emt 00:27:36]}
e6 {[%clk 00:46:57]} {[%emt 00:08:52]} 15. Bb4 {[%clk 00:17:27]} {[%emt
00:06:40]} Nc4 {[%clk 00:38:27]} {[%emt 00:08:59]} 16. Nxc4 {[%clk 00:17:23]}
{[%emt 00:00:34]} Qxc4 {[%clk 00:38:33]} {[%emt 00:00:24]} 17. Qd3 {[%clk
00:16:06]} {[%emt 00:01:48]} Qxd3 {[%clk 00:32:08]} {[%emt 00:06:54]} 18. exd3
{[%clk 00:16:26]} {[%emt 00:00:10]} b6 {[%clk 00:31:28]} {[%emt 00:01:11]} 19.
Kf2 {[%clk 00:15:23]} {[%emt 00:01:32]} Ba6 {[%clk 00:28:23]} {[%emt 00:03:35]}
20. Ke3 {[%clk 00:15:34]} {[%emt 00:00:20]} Rac8 {[%clk 00:27:48]} {[%emt
00:01:04]} 21. Rb3 {[%clk 00:13:31]} {[%emt 00:02:33]} Rc7 {[%clk 00:26:01]}
{[%emt 00:02:18]} 22. a4 {[%clk 00:13:00]} {[%emt 00:01:01]} Bf8 {[%clk
00:23:51]} {[%emt 00:02:39]} 23. Kd2 {[%clk 00:12:30]} {[%emt 00:01:01]} Rdc8
{[%clk 00:21:21]} {[%emt 00:03:00]} 24. Rc1 {[%clk 00:10:16]} {[%emt 00:02:43]}
Bg7 {[%clk 00:11:26]} {[%emt 00:10:25]} 1/2-1/2

[Event "DVM U20 2020"]
[Site "Willingen GER"]
[Date "2021.06.26"]
[Round "6"]
[White "Kamp, Aaron"]
[Black "Grunwald, Jonathan"]
[Result "0-1"]
[Termination "normal"]
[Board "8.5"]
[WhiteElo "1771"]
[BlackElo "1798"]
[WhiteClock "00:45:16"]
[BlackClock "00:18:43"]
[WhiteTeam "Schachklub Münster 32 e. V."]
[BlackTeam "Biebertaler Schachfreunde"]
[PlyCount "114"]
[WhiteFideId "16231120"]
[BlackFideId "12955744"]
[EventCountry "GER"]
[EventRounds "7"]
[EventType "team-swiss"]
[EventDate "2021.06.23"]

1. e4 {[%clk 01:30:57]} {[%emt 00:00:03]} e5 {[%clk 01:30:53]} {[%emt
00:00:08]} 2. d4 {[%clk 01:31:10]} {[%emt 00:00:17]} exd4 {[%clk 01:31:01]}
{[%emt 00:00:21]} 3. Nf3 {[%clk 01:31:30]} {[%emt 00:00:10]} Nc6 {[%clk
01:31:15]} {[%emt 00:00:16]} 4. Bc4 {[%clk 01:31:53]} {[%emt 00:00:07]} Nf6
{[%clk 01:31:27]} {[%emt 00:00:18]} 5. e5 {[%clk 01:32:16]} {[%emt 00:00:07]}
d5 {[%clk 01:31:37]} {[%emt 00:00:20]} 6. Bb5 {[%clk 01:32:35]} {[%emt
00:00:11]} Ne4 {[%clk 01:31:47]} {[%emt 00:00:20]} 7. Nxd4 {[%clk 01:32:50]}
{[%emt 00:00:15]} Bd7 {[%clk 01:32:06]} {[%emt 00:00:12]} 8. Bxc6 {[%clk
01:33:06]} {[%emt 00:00:13]} bxc6 {[%clk 01:32:23]} {[%emt 00:00:13]} 9. O-O
{[%clk 01:33:03]} {[%emt 00:00:34]} Be7 {[%clk 01:32:29]} {[%emt 00:00:23]} 10.
f3 {[%clk 01:32:07]} {[%emt 00:01:26]} Nc5 {[%clk 01:31:46]} {[%emt 00:01:14]}
11. Be3 {[%clk 01:30:34]} {[%emt 00:02:02]} O-O {[%clk 01:27:25]} {[%emt
00:04:51]} 12. f4 {[%clk 01:18:37]} {[%emt 00:12:27]} f6 {[%clk 01:18:04]}
{[%emt 00:09:52]} 13. Nd2 {[%clk 01:16:45]} {[%emt 00:02:21]} fxe5 {[%clk
01:08:03]} {[%emt 00:10:31]} 14. fxe5 {[%clk 01:16:48]} {[%emt 00:00:28]} Qe8
{[%clk 01:07:07]} {[%emt 00:01:26]} 15. b4 {[%clk 01:14:48]} {[%emt 00:02:29]}
Rxf1+ {[%clk 00:43:55]} {[%emt 00:23:43]} 16. Qxf1 {[%clk 01:14:39]} {[%emt
00:00:38]} Ne6 {[%clk 00:44:01]} {[%emt 00:00:24]} 17. c3 {[%clk 01:07:00]}
{[%emt 00:08:09]} a5 {[%clk 00:38:07]} {[%emt 00:06:24]} 18. bxa5 {[%clk
01:02:49]} {[%emt 00:04:41]} Rxa5 {[%clk 00:32:27]} {[%emt 00:06:10]} 19. N2b3
{[%clk 00:59:40]} {[%emt 00:03:39]} Ra3 {[%clk 00:31:18]} {[%emt 00:01:39]} 20.
Qc1 {[%clk 00:50:51]} {[%emt 00:09:19]} Qa8 {[%clk 00:27:17]} {[%emt 00:04:31]}
21. Qd2 {[%clk 00:47:53]} {[%emt 00:03:27]} Nc5 22. Nxc5 {[%clk 00:43:09]} Bxc5
{[%clk 00:20:19]} {[%emt 00:00:07]} 23. e6 {[%clk 00:39:31]} {[%emt 00:04:08]}
Be8 {[%clk 00:16:43]} {[%emt 00:04:07]} 24. Nf5 {[%clk 00:33:27]} {[%emt
00:06:33]} Qa7 {[%clk 00:14:52]} {[%emt 00:02:21]} 25. Qf2 {[%clk 00:29:18]}
{[%emt 00:04:39]} Bxe3 {[%clk 00:13:36]} {[%emt 00:01:47]} 26. Nxe3 {[%clk
00:29:32]} {[%emt 00:00:15]} Rxc3 {[%clk 00:13:25]} {[%emt 00:00:41]} 27. Re1
{[%clk 00:29:00]} {[%emt 00:01:01]} Qd4 {[%clk 00:10:47]} {[%emt 00:03:09]} 28.
e7 {[%clk 00:23:27]} {[%emt 00:06:04]} Qf6 {[%clk 00:09:21]} {[%emt 00:01:55]}
29. Ng4 {[%clk 00:23:44]} {[%emt 00:00:14]} Qxf2+ {[%clk 00:09:05]} {[%emt
00:00:46]} 30. Kxf2 {[%clk 00:24:01]} {[%emt 00:00:13]} Kf7 {[%clk 00:06:56]}
{[%emt 00:02:38]} 31. a4 {[%clk 00:20:09]} {[%emt 00:04:21]} Ra3 {[%clk
00:06:16]} {[%emt 00:01:11]} 32. Ne5+ {[%clk 00:20:24]} {[%emt 00:00:15]} Kf6
{[%clk 00:06:31]} {[%emt 00:00:15]} 33. Ng4+ {[%clk 00:20:13]} {[%emt
00:00:42]} Kg5 {[%clk 00:06:06]} {[%emt 00:00:54]} 34. h3 {[%clk 00:20:10]}
{[%emt 00:00:33]} Rxa4 {[%clk 00:06:05]} {[%emt 00:00:32]} 35. Re5+ {[%clk
00:19:41]} {[%emt 00:00:59]} Kg6 {[%clk 00:06:20]} {[%emt 00:00:14]} 36. Re3
{[%clk 00:19:03]} {[%emt 00:01:07]} h5 {[%clk 00:05:11]} {[%emt 00:01:41]} 37.
Ne5+ {[%clk 00:19:04]} {[%emt 00:00:28]} Kf6 {[%clk 00:05:34]} {[%emt
00:00:07]} 38. Nd3 {[%clk 00:18:13]} {[%emt 00:01:21]} Ra3 {[%clk 00:03:47]}
{[%emt 00:02:17]} 39. Ke2 {[%clk 00:18:15]} {[%emt 00:00:28]} c5 {[%clk
00:03:43]} {[%emt 00:00:35]} 40. Nxc5 {[%clk 00:16:12]} {[%emt 00:02:33]} Rxe3+
{[%clk 00:03:48]} {[%emt 00:00:25]} 41. Kxe3 {[%clk 00:16:34]} {[%emt
00:00:07]} Kxe7 {[%clk 00:03:48]} {[%emt 00:00:30]} 42. h4 {[%clk 00:15:52]}
{[%emt 00:01:12]} Kf6 {[%clk 00:27:28]} {[%emt 00:06:50]} 43. Na6 {[%clk
00:44:54]} {[%emt 00:01:28]} c6 {[%clk 00:26:55]} {[%emt 00:01:03]} 44. Nc5
{[%clk 00:44:46]} {[%emt 00:00:38]} Kf5 {[%clk 00:25:41]} {[%emt 00:01:44]} 45.
Kf3 {[%clk 00:44:43]} {[%emt 00:00:33]} Bf7 {[%clk 00:20:28]} {[%emt 00:05:43]}
46. Nd3 {[%clk 00:44:46]} {[%emt 00:00:27]} d4 {[%clk 00:20:30]} {[%emt
00:00:28]} 47. Nc5 {[%clk 00:44:40]} {[%emt 00:00:36]} Bd5+ {[%clk 00:20:16]}
{[%emt 00:00:45]} 48. Kf2 {[%clk 00:44:32]} {[%emt 00:00:36]} Kg4 {[%clk
00:19:53]} {[%emt 00:00:54]} 49. g3 {[%clk 00:44:55]} {[%emt 00:00:07]} Kf5
{[%clk 00:19:22]} {[%emt 00:01:02]} 50. Ke2 {[%clk 00:45:03]} {[%emt 00:00:21]}
Ke5 {[%clk 00:18:30]} {[%emt 00:01:23]} 51. Nd3+ {[%clk 00:45:17]} {[%emt
00:00:16]} Kd6 {[%clk 00:17:48]} {[%emt 00:01:12]} 52. Nf4 {[%clk 00:45:33]}
{[%emt 00:00:14]} Bf7 {[%clk 00:18:06]} {[%emt 00:00:11]} 53. Kd3 {[%clk
00:45:42]} {[%emt 00:00:21]} Ke5 {[%clk 00:18:12]} {[%emt 00:00:24]} 54. Nh3
{[%clk 00:44:39]} {[%emt 00:01:33]} c5 {[%clk 00:18:18]} {[%emt 00:00:24]} 55.
Ng5 {[%clk 00:44:51]} {[%emt 00:00:18]} c4+ {[%clk 00:18:38]} {[%emt 00:00:11]}
56. Kd2 {[%clk 00:44:55]} {[%emt 00:00:25]} c3+ {[%clk 00:18:26]} {[%emt
00:00:42]} 57. Kd3 {[%clk 00:45:16]} {[%emt 00:00:08]} Bg6+ {[%clk 00:18:43]}
{[%emt 00:00:14]} 0-1